Georgia Airports - Statistics

General Stats
  • This quiz has been taken 8 times
  • The average score is 8 of 21
Answer Stats
Airport % Correct
Hartsfield-Jackson Atlanta
100%
Savannah/Hilton Head
100%
Augusta
86%
Columbus
86%
Valdosta
71%
DeKalb-Peachtree
57%
Falcon
43%
Athens Ben Epps
29%
Brunswick Golden Isles
29%
Fulton County Executive
29%
Gwinnett County
29%
Southwest Georgia
29%
Dobbins
14%
Hunter Army
14%
Lee Gilmer
14%
Middle Georgia
14%
Moody
14%
Robins
14%
Cobb County
0%
Lawson Army
0%
St. Simons Island
0%
No matching quizzes found
Score Distribution
Percent of People with Each Score
Percentile by Number Answered
Your Score History
You have not taken this quiz